|
|
|
|
| LEADER |
01293nam a2200277 a 4500 |
| 001 |
GR-Patra22935 |
| 008 |
070919s2005 gr g 000 0 eng d |
| 020 |
|
|
|a 0470025085
|
| 040 |
|
|
|a GrPaTEI
|b gre
|c GR-PaULI
|
| 040 |
|
|
|a GrPaTEI
|b gre
|c GR-PaULI
|
| 082 |
|
0 |
|a 618.9289142
|2 22
|
| 100 |
1 |
|
|a Stallard, Paul
|
| 245 |
1 |
2 |
|a A clinician' s guide to think good-feel good :
|b using CBT with children and young people /
|c Paul Stallard.
|
| 260 |
|
|
|a Chichester :
|b John Wiley and Sons,
|c c2005
|
| 300 |
|
|
|a ix, 180 σ. :
|b εικ.
|
| 500 |
|
|
|a Includes on-line resources
|
| 504 |
|
|
|a Includes bibliography: [p. 171-177] and index
|
| 650 |
|
0 |
|a Behavior therapy for children
|
| 650 |
|
0 |
|a Behavior therapy for teenagers
|
| 650 |
|
0 |
|a Cognitive therapy for children
|
| 650 |
|
0 |
|a Cognitive therapy for teenagers
|
| 942 |
|
|
|2 ddc
|
| 952 |
|
|
|0 0
|1 0
|2 ddc
|4 0
|6 618_928914200000000_STA
|7 0
|9 302764
|a LISK
|b LISK
|c BSC
|d 2021-01-17
|e 24
|f 1
|g 0.00
|l 0
|o 618.9289142 STA
|p 92410032610
|r 2021-01-17 00:00:00
|t 1
|w 2021-01-17
|y BK15
|x 20070919 0 1
|x GrPaTEI
|
| 952 |
|
|
|0 0
|1 0
|2 ddc
|4 0
|6 618_928914200000000_STA
|7 1
|9 302765
|a LISK
|b LISK
|c BSC
|d 2021-01-17
|e 24
|f 0
|g 0.00
|l 0
|o 618.9289142 STA
|p 92410032611
|r 2021-01-17 00:00:00
|t 1
|w 2021-01-17
|y BKN
|x 20070919 0 0
|x GrPaTEI
|
| 971 |
|
|
|a .b26705072
|b 15-04-20
|c 26-09-16
|
| 999 |
|
|
|c 175898
|d 175898
|